Loading...

Stem cell repair and generation /

Bibliographic Details
Format: Printed Book
Published: London: ICP, 2005.
Subjects:
LEADER 00481cam a2200157ua 4500
008 101209t2005||||||||||| 00 ||||| c
082 |a 616.027 74  |b STE 
245 1 0 |a Stem cell repair and generation /  
260 |a London:  |b ICP,  |c 2005. 
300 |a 248p.. 
362 1 |a 2005. 
650 |a Stem cells 
650 0 |a Medicine 
942 |c BK 
999 |c 24278  |d 24278 
952 |0 0  |1 0  |4 0  |6 616_027000000000000_74_ST  |7 0  |9 25833  |a KUCL  |b KUCL  |d 2014-05-23  |l 0  |o 616.027 74 ST  |p 24812  |r 2017-03-09  |w 2014-05-23  |y BK